MIDWIFERY / OBSTETRICS AND GYNECOLOGY NURSING II (Record no. 65184)
[ view plain ]
| 000 -LEADER | |
|---|---|
| fixed length control field | 00352nam a22001457a 4500 |
| 008 - FIXED-LENGTH DATA ELEMENTS--GENERAL INFORMATION | |
| fixed length control field | 250217b |||||||| |||| 00| 0 eng d |
| 020 ## - ISBN | |
| International Standard Book Number | 9781543348477 |
| 040 ## - CATALOGING SOURCE | |
| Original cataloging agency | IIMT University College of Nursing (073) |
| 082 ## - DDC NUMBER | |
| Classification number | 618.4 MAS |
| 100 ## - MAIN ENTRY--PERSONAL NAME | |
| Personal name | Massey AKANSHA |
| 245 ## - TITLE STATEMENT | |
| Title | MIDWIFERY / OBSTETRICS AND GYNECOLOGY NURSING II |
| 260 ## - PUBLICATION, DISTRIBUTION, ETC. (IMPRINT) | |
| Place of publication, distribution, etc | PEE VEE |
| Name of publisher, distributor, etc | PEE VEE |
| 300 ## - PHYSICAL DESCRIPTION | |
| Pages | 685 |
| 942 ## - ADDED ENTRY ELEMENTS (KOHA) | |
| Koha item type | Text-Book- for 7 days |
| 952 ## - LOCATION AND ITEM INFORMATION (KOHA) | |
| -- | 2025-02-17 |
| 952 ## - LOCATION AND ITEM INFORMATION (KOHA) | |
| -- | 2027-03-31 |
| -- | 2025-11-13 |
| -- | 2025-02-17 |
| -- | 2025-11-13 |
| -- | 2025-02-17 |
| Withdrawn status | Lost status | Source of classification or shelving scheme | Damaged status | Not for loan | Location (home branch) | Sublocation or collection (holding branch) | Date acquired | Source of Acquisition | Cost Normal purchase price | Koha issues (times borrowed) | Koha full call number | Accession No. | Koha date last seen | Koha item type |
|---|---|---|---|---|---|---|---|---|---|---|---|---|---|---|
| IIMT University College of Nursing (073) | IIMT University College of Nursing (073) | 02/17/2025 | PEE VEE | 855.00 | 618.4 MAS | 03-B-7059 | 02/17/2025 | Text-Book- for 7 days | ||||||
| IIMT University College of Nursing (073) | IIMT University College of Nursing (073) | 02/17/2025 | PEE VEE | 855.00 | 2 | 618.4 MAS | 03-B-7060 | 11/13/2025 | Book Bank |

